Statistics for U.S. States with the Most Farms

Click here to take the quiz!

General Stats

  • This quiz has been taken 889 times
    (847 since last reset)
  • The average score is 7 of 10

Answer Stats

# of FarmsState% Correct
247,000Texas
95%
69,900California
80%
85,300Iowa
75%
77,300Oklahoma
72%
77,800Ohio
70%
95,200Missouri
67%
71,400Illinois
65%
74,800Kentucky
59%
69,700Tennessee
56%
68,000Minnesota
55%

Score Distribution

Percentile by Number Answered

Percent of People with Each Score

Your Score History

You have not taken this quiz since the last reset